MARC details
| 000 -CABECERA |
| campo de control de longitud fija |
00829nam a2200217 a 4500 |
| 001 - NÚMERO DE CONTROL |
| campo de control |
000036707 |
| 005 - FECHA Y HORA DE LA ÚLTIMA TRANSACCIÓN |
| campo de control |
20200930075903.0 |
| 008 - DATOS DE LONGITUD FIJA--INFORMACIÓN GENERAL |
| campo de control de longitud fija |
120125s1982 sp 000 0 spa d |
| 020 ## - NÚMERO INTERNACIONAL ESTÁNDAR DEL LIBRO |
| Número Internacional Estándar del Libro |
8424900995 |
| 040 ## - FUENTE DE LA CATALOGACIÓN |
| Centro catalogador/agencia de origen |
DO-SdBNP |
| Lengua de catalogación |
spa |
| Centro/agencia transcriptor |
BNPHU |
| 082 ## - NÚMERO DE LA CLASIFICACIÓN DECIMAL DEWEY |
| Número de clasificación |
xxx |
| Número de documento/Ítem |
J54a |
| 100 1# - ENTRADA PRINCIPAL--NOMBRE DE PERSONA |
| Nombre de persona |
Sófocles |
| 9 (RLIN) |
63003 |
| 245 10 - MENCIÓN DE TÍTULO |
| Título |
Tragedias : |
| Resto del título |
Ayax, las traquinias, Antígona, Edipo rey, Electra, filoctetes, Edipo en Colono / |
| Mención de responsabilidad, etc. |
Sófocles ; introducción de José S. Lasso de la vega ; traducción de Assela Alamillo. |
| 260 ## - PUBLICACIÓN, DISTRIBUCIÓN, ETC. |
| Lugar de publicación, distribución, etc. |
Madrid : |
| Nombre del editor, distribuidor, etc. |
Editorial Gredos, |
| Fecha de publicación, distribución, etc. |
1982. |
| 300 ## - DESCRIPCIÓN FÍSICA |
| Extensión |
578 p. ; |
| Dimensiones |
19 cm. |
| 490 1# - MENCIÓN DE SERIE |
| Mención de serie |
Biblioteca clásica Gredos |
| Designación de volumen o secuencia |
40 |
| 500 ## - NOTA GENERAL |
| Nota general |
Incluye notas al pie de las páginas. |
| 700 1# - PUNTO DE ACCESO ADICIONAL--NOMBRE DE PERSONA |
| Nombre de persona |
Lasso de la vega, José S., |
| Término indicativo de función/relación |
introd. |
| 9 (RLIN) |
63004 |
| 700 1# - PUNTO DE ACCESO ADICIONAL--NOMBRE DE PERSONA |
| Nombre de persona |
Alamillo, Assela, |
| Término indicativo de función/relación |
tr. |
| 9 (RLIN) |
63005 |
| 830 #0 - PUNTO DE ACCESO ADICIONAL DE SERIE-TÍTULO UNIFORME |
| Título uniforme |
Biblioteca clásica Gredos; |
| Designación de volumen o secuencia |
40 |
| 9 (RLIN) |
8642 |